000 00313nam a2200121Ia 4500
008 191201s2019 xx 000 0 und d
100 _aRAJE, VN
245 0 _aPharmaceutical Chemistry II fro 2nd year
260 _bCBS Pub
_aNew delhi
_c2019
300 _a251
650 _aMedicinal Chemistry
942 _2ddc
_cBK
_058
999 _c8204
_d8204